000 00448cam a22001097a 4500
008 180718b1958 xxu||||| |||| 00| 0 eng d
082 _aK12x42
245 _aHer Majesty's Overseas Civil Service: statement of policy regarding overseas officers serving in Nigeria
_cby Her Majesty's Overseas Civil Service, Nigeria
260 _aLondon
_bHer Majesty's Stationery Officer
_c1958
300 _a8p.
700 _aNigeria. Her Majesty's Overseas Civil Service
999 _c396562
_d396562